书目信息 |
| 题名: |
秸秆类生物质资源在能源及环境领域的应用探析
|
|
| 作者: | 郭毅萍 著 | |
| 分册: | ||
| 出版信息: | 北京 中国水利水电出版社 2020.07 |
|
| 页数: | 256页 | |
| 开本: | 24cm | |
| 丛书名: | ||
| 单 册: | ||
| 中图分类: | S38 | |
| 科图分类: | ||
| 主题词: | 秸秆--jie gan--生物能源--资源利用--研究 | |
| 电子资源: | ||
| ISBN: | 978-7-5170-8641-3 | |
| 000 | 01302nam0 2200241 450 | |
| 001 | 0109110223 | |
| 005 | 20201109110339.0 | |
| 010 | @a978-7-5170-8641-3@dCNY72.00 | |
| 100 | @a20200911d2020 em y0chiy50 ea | |
| 101 | 0 | @achi |
| 102 | @aCN@b110000 | |
| 105 | @aak az 000yy | |
| 106 | @ar | |
| 200 | 1 | @a秸秆类生物质资源在能源及环境领域的应用探析@Ajie gan lei sheng wu zhi zi yuan zai neng yuan ji huan jing ling yu de ying yong tan xi@f郭毅萍著 |
| 210 | @a北京@c中国水利水电出版社@d2020.07 | |
| 215 | @a256页@c图@d24cm | |
| 320 | @a有书目(第240-256页) | |
| 330 | @a本书介绍了秸秆类生物质资源在能源和环境领域的一些应用基础研究。本书分为两部分:第一部分阐述了能源的发展历程以及秸秆类生物质资源在能源应用中的现状及特点,重点研究了秸秆类生物质资源在生物厌氧发酵制氢过程中存在的问题及一些处理方法和思路,针对秸秆类生物质在生物发酵制氢过程中存在的产氢效率不高以及生物质预处理成本高和利用效率低的问题,对生物质发酵产氢过程的重要参数进行了优化,并探讨了相关机理;第二部分初步探究了秸秆类生物质在环境领域的应用,考察了秸秆作为吸附剂对废水中重金属污染的处理能力的影响以及秸秆作为主要还田物质对土壤中重金属转移能力的影响。 | |
| 606 | 0 | @a秸秆@Ajie gan@x生物能源@x资源利用@x研究 |
| 690 | @aS38@v5 | |
| 701 | 0 | @a郭毅萍@Aguo yi ping@4著 |
| 801 | 0 | @aCN@bBJSZM@c20201103 |
| 905 | @b1241027-30@dS38@e85@f4 | |
| 秸秆类生物质资源在能源及环境领域的应用探析/郭毅萍著.-北京:中国水利水电出版社,2020.07 |
| 256页:图;24cm |
| ISBN 978-7-5170-8641-3:CNY72.00 |
| 本书介绍了秸秆类生物质资源在能源和环境领域的一些应用基础研究。本书分为两部分:第一部分阐述了能源的发展历程以及秸秆类生物质资源在能源应用中的现状及特点,重点研究了秸秆类生物质资源在生物厌氧发酵制氢过程中存在的问题及一些处理方法和思路,针对秸秆类生物质在生物发酵制氢过程中存在的产氢效率不高以及生物质预处理成本高和利用效率低的问题,对生物质发酵产氢过程的重要参数进行了优化,并探讨了相关机理;第二部分初步探究了秸秆类生物质在环境领域的应用,考察了秸秆作为吸附剂对废水中重金属污染的处理能力的影响以及秸秆作为主要还田物质对土壤中重金属转移能力的影响。 |
| ● |
| 相关链接 |
|
|
|
|
正题名:秸秆类生物质资源在能源及环境领域的应用探析
索取号:S38/85
 
预约/预借
| 序号 | 登录号 | 条形码 | 馆藏地/架位号 | 状态 | 备注 |
| 1 | 1241027 | 212410274 | 第二样本阅览室/ [索取号:S38/85] | 在馆 | |
| 2 | 1241028 | 212410283 | 第三借阅区/ [索取号:S38/85] | 在馆 | |
| 3 | 1241029 | 212410292 | 第三借阅区/ [索取号:S38/85] | 在馆 | |
| 4 | 1241030 | 212410309 | 第三借阅区/ [索取号:S38/85] | 在馆 |